Sustainability and spirituality
| Main Author: | |
|---|---|
| Format: | Print Book |
| Language: | English |
| Subito Delivery Service: | Order now. |
| Check availability: | HBZ Gateway |
| WorldCat: | WorldCat |
| Interlibrary Loan: | Interlibrary Loan for the Fachinformationsdienste (Specialized Information Services in Germany) |
| Published: |
Albany, N.Y
State University of New York Press
2004
|
| In: | Year: 2004 |
| Series/Journal: | Envrionmental studies / religious studies
|
| Standardized Subjects / Keyword chains: | B
Spirituality
/ Sustainable development
B Religiosity / Nature protection B Sustainable development / Spirituality B Nature protection / Religiosity |
| Further subjects: | B
Human Ecology
Religious aspects
B Nature Conservation Religious aspects |
MARC
| LEADER | 00000cam a2200000 c 4500 | ||
|---|---|---|---|
| 001 | 371559901 | ||
| 003 | DE-627 | ||
| 005 | 20251223202623.0 | ||
| 007 | tu | ||
| 008 | 031009s2004 xxu||||| 00| ||eng c | ||
| 010 | |a 2003190067 | ||
| 020 | |a 0791461777 |c (alk. paper) |9 0-7914-6177-7 | ||
| 020 | |a 0791461785 |c (pbk. : alk. paper) |9 0-7914-6178-5 | ||
| 024 | 3 | |a 9780791461785 | |
| 035 | |a (DE-627)371559901 | ||
| 035 | |a (DE-576)116219408 | ||
| 035 | |a (DE-599)GBV371559901 | ||
| 035 | |a (OCoLC)237875769 | ||
| 035 | |a (OCoLC)53091132 | ||
| 035 | |a (DE-604)BV019517708 | ||
| 040 | |a DE-627 |b ger |c DE-627 |e rakwb | ||
| 041 | |a eng | ||
| 044 | |c XD-US | ||
| 050 | 0 | |a BL65.E36 | |
| 050 | 0 | |a BL65.E36C37 2004 | |
| 082 | 0 | |a 201.77 | |
| 084 | |a 1 |2 ssgn | ||
| 084 | |a BE 2260 |q BVB |2 rvk |0 (DE-625)rvk/10500: | ||
| 100 | 1 | |0 (DE-588)130041777 |0 (DE-627)488066107 |0 (DE-576)297965182 |4 aut |a Carroll, John E. |d 1944- | |
| 109 | |a Carroll, John E. 1944- |a Carroll, John Edward 1944- |a Carroll, John 1944- |a Carroll, J. E. 1944- | ||
| 191 | |a 1 | ||
| 245 | 1 | 0 | |a Sustainability and spirituality |c John E. Carroll |
| 264 | 1 | |a Albany, N.Y |b State University of New York Press |c 2004 | |
| 300 | |a XI, 191 S | ||
| 336 | |a Text |b txt |2 rdacontent | ||
| 337 | |a ohne Hilfsmittel zu benutzen |b n |2 rdamedia | ||
| 338 | |a Band |b nc |2 rdacarrier | ||
| 490 | 0 | |a Envrionmental studies / religious studies | |
| 500 | |a Includes bibliographical references and index | ||
| 583 | 1 | |a Archivierung prüfen |c 20200919 |f DE-640 |z 1 |2 pdager | |
| 583 | 1 | |a Archivierung/Langzeitarchivierung gewährleistet |f SSG |x XA-DE-BW |2 pdager |5 DE-21 | |
| 601 | |a Spiritual | ||
| 650 | 0 | |a Human Ecology |x Religious aspects | |
| 650 | 0 | |a Nature Conservation |x Religious aspects | |
| 689 | 0 | 0 | |d s |0 (DE-588)4116568-8 |0 (DE-627)105805785 |0 (DE-576)209502630 |2 gnd |a Spiritualität |
| 689 | 0 | 1 | |d s |0 (DE-588)4326464-5 |0 (DE-627)131309382 |0 (DE-576)211272418 |2 gnd |a Nachhaltigkeit |
| 689 | 0 | |5 DE-101 | |
| 689 | 1 | 0 | |d s |0 (DE-588)4049428-7 |0 (DE-627)10618704X |0 (DE-576)209082011 |2 gnd |a Religiosität |
| 689 | 1 | 1 | |d s |0 (DE-588)4115348-0 |0 (DE-627)105815055 |0 (DE-576)209492449 |2 gnd |a Naturschutz |
| 689 | 1 | |5 DE-101 | |
| 689 | 2 | 0 | |d s |0 (DE-588)4326464-5 |0 (DE-627)131309382 |0 (DE-576)211272418 |2 gnd |a Nachhaltigkeit |
| 689 | 2 | 1 | |d s |0 (DE-588)4116568-8 |0 (DE-627)105805785 |0 (DE-576)209502630 |2 gnd |a Spiritualität |
| 689 | 2 | |5 (DE-627) | |
| 689 | 3 | 0 | |d s |0 (DE-588)4115348-0 |0 (DE-627)105815055 |0 (DE-576)209492449 |2 gnd |a Naturschutz |
| 689 | 3 | 1 | |d s |0 (DE-588)4049428-7 |0 (DE-627)10618704X |0 (DE-576)209082011 |2 gnd |a Religiosität |
| 689 | 3 | |5 (DE-627) | |
| 700 | 1 | |8 1\p |0 (DE-588)130041777 |0 (DE-627)488066107 |0 (DE-576)297965182 |4 oth |a Carroll, John E. |d 1944- | |
| 883 | |8 1\p |a cgwrk |d 20241001 |q DE-101 |u https://d-nb.info/provenance/plan#cgwrk | ||
| 935 | |a mteo | ||
| 935 | |i Blocktest | ||
| 936 | r | v | |a BE 2260 |b Religion und andere Lebensbereiche |k Theologie und Religionswissenschaften |k Religionswissenschaft |k Systematische Religionswissenschaft |k Religion und verschiedene Lebensbereiche |k Religion und andere Lebensbereiche |0 (DE-627)127071872X |0 (DE-625)rvk/10500: |0 (DE-576)20071872X |
| 951 | |a BO | ||
| ELC | |b 1 | ||
| ITA | |a 1 |t 1 | ||
| LOK | |0 000 xxxxxcx a22 zn 4500 | ||
| LOK | |0 001 3199136966 | ||
| LOK | |0 003 DE-627 | ||
| LOK | |0 004 371559901 | ||
| LOK | |0 005 20050225000000 | ||
| LOK | |0 008 050225||||||||||||||||ger||||||| | ||
| LOK | |0 040 |a DE-21 |c DE-627 |d DE-21 | ||
| LOK | |0 852 |a DE-21 | ||
| LOK | |0 852 1 |c 15 E 7268 |9 00 | ||
| LOK | |0 935 |a theo | ||
| LOK | |0 936ln |a t5.2 | ||
| LOK | |0 938 |l 25/02/05 |8 6 | ||
| LOK | |0 939 |a 25-02-05 |b l01 | ||
| ORI | |a SA-MARC-ixtheoa001.raw | ||
| REL | |a 1 | ||
| STA | 0 | 0 | |a Nature protection,Nature protection,Nature conservation,Conservation,Natureconservation (motif),Natureconservation,Religiosity,Spirituality,Spirituality,Spirituality in art,Sustainable development |
| STB | 0 | 0 | |a Durabilité,Protection de la nature,Protection de la nature,Religiosité,Spiritualité,Spiritualité |
| STC | 0 | 0 | |a Espiritualidad,Espiritualidad,Preservación de la naturaleza,Preservación de la naturaleza,Religiosidad,Sustentabilidad |
| STD | 0 | 0 | |a Religiosità,Salvaguardia della natura <motivo>,Salvaguardia della natura,Tutela della natura,Tutela della natura,Tutela della natura (motivo),Tutela della natura,Sostenibilità,Spiritualità,Spiritualità |
| STE | 0 | 0 | |a 可持续发展,宗教性,灵性,自然保护 |
| STF | 0 | 0 | |a 可持續發展,宗教性,自然保護,靈性 |
| STG | 0 | 0 | |a Espiritualidade,Espiritualidade,Preservação da natureza,Preservação da natureza,Religiosidade,Sustentabilidade |
| STH | 0 | 0 | |a Духовность (мотив),Духовность,Охрана природы (мотив),Охрана природы,Постоянство,Религиозность |
| STI | 0 | 0 | |a Βιωσιμότητα,Αειφορία,Θρησκευτικότητα,Πνευματικότητα (μοτίβο),Πνευματικότητα,Προστασία της φύσης <μοτίβο>,Προστασία της φύσης,Διαφύλαξη της φύσης,Διαφύλαξη της φύσης (μοτίβο) |
| SUB | |a REL | ||
| SYG | 0 | 0 | |a Geistigkeit , Nachhaltige Entwicklung,Langfristige Entwicklung,Sustainable Development,Dauerhafte Entwicklung,Zukunftsfähige Entwicklung , Religiösität,Religiösität , Nachhaltige Entwicklung,Langfristige Entwicklung,Sustainable Development,Dauerhafte Entwicklung,Zukunftsfähige Entwicklung , Geistigkeit , Religiösität,Religiösität |